| 000 -LEADER |
| fixed length control field |
00470pab a2200157 454500 |
| 008 - FIXED-LENGTH DATA ELEMENTS--GENERAL INFORMATION |
| fixed length control field |
180718b xxu||||| |||| 00| 0 eng d |
| 100 ## - MAIN ENTRY--PERSONAL NAME |
| Personal name |
Connolly, Michael |
| 245 ## - TITLE STATEMENT |
| Title |
Policy differences within the United Kingdom: the case of housing policy in Northern Ireland 1979-89 |
| 650 ## - SUBJECT ADDED ENTRY--TOPICAL TERM |
| Topical term or geographic name entry element |
U.K |
| 650 ## - SUBJECT ADDED ENTRY--TOPICAL TERM |
| Topical term or geographic name entry element |
Housing Policy |
| 650 ## - SUBJECT ADDED ENTRY--TOPICAL TERM |
| Topical term or geographic name entry element |
Case Study |
| 650 ## - SUBJECT ADDED ENTRY--TOPICAL TERM |
| Topical term or geographic name entry element |
Housing - Northern Ireland |
| 700 ## - ADDED ENTRY--PERSONAL NAME |
| Personal name |
Knox, Colin |
| 773 ## - HOST ITEM ENTRY |
| Main entry heading |
Public Administration (U.K.) |
| 909 ## - |
| -- |
2390 |